ბათუმის შოთა რუსთაველის სახელმწიფო უნივერსიტეტის ბიბლიოთეკა

Le point, 13 peptemberi #2402 2018 2018 (ბიბ.ჩანაწერი № 56270)

000 -LEADER
fixed length control field 00379nam a2200145Ia 4500
001 - CONTROL NUMBER
control field 23372
003 - CONTROL NUMBER IDENTIFIER
control field GE_BSU
008 - FIXED-LENGTH DATA ELEMENTS--GENERAL INFORMATION
fixed length control field 181216s||||||||xx |||||||||||||| ||und||
040 ## - CATALOGING SOURCE
Transcribing agency GE_BSU
245 ## - TITLE STATEMENT
Title Le point, 13 peptemberi #2402 2018 2018
653 ## - INDEX TERM--UNCONTROLLED
Uncontrolled term Le point, 13 peptemberi #2402 2018 2018
653 ## - INDEX TERM--UNCONTROLLED
Uncontrolled term Периодика
653 ## - INDEX TERM--UNCONTROLLED
Uncontrolled term პერიოდიკა
942 ## - ADDED ENTRY ELEMENTS (KOHA)
Koha item type პერიოდიკა

არაა ხელმისაწვდომი ეგზემპლარები.